00514nam a2200193 a 4500001001300000003000900013005001700022008004100039020001000080082001500090100002100105245004800126260003400174300000900208500003500217505002400252650002300276700002100299nice12345678IN_TiNIC20260116011418.0050524s1961 lona grp 000 0 eng  ac10000a220.9bHER aHerricott, C T M aOld Testament (its Origins and Composition) aLondonbOliver and Boydc1961 a354p aincludes index and biblioraphy2 aIndex, Bibliography aBible O.T. History1 aHerricott, C T M